| Tag |
First Indicator |
Second Indicator |
Subfields |
| LEADER |
00000pam a2200000 4500 |
| 001 |
in00000665992 |
| 005 |
20161206115632.0 |
| 008 |
720509r19721720nyu 00001 eng |
| 010 |
|
|
|a 70170544
|
| 020 |
|
|
|a 0824005457
|
| 035 |
|
|
|a (OCoLC)00314019
|
| 035 |
|
|
|9 ACY7426AM
|
| 040 |
|
|
|a DLC
|c DLC
|d TXA
|d UtOrBLW
|
| 049 |
|
|
|a TXAM
|c 1 [711698], 2 [1498317]
|
| 050 |
0 |
0 |
|a PZ3.D362
|b Lh2
|a PR3404
|
| 090 |
|
|
|a PR3404
|b L54 1972
|
| 100 |
1 |
|
|a Defoe, Daniel,
|d 1661?-1731.
|
| 240 |
1 |
0 |
|a Captain Singleton
|
| 245 |
1 |
4 |
|a The life, adventures, and pyracies of the famous Captain Singleton /
|c With a new introd. for the Garland ed. by Malcolm J. Bosse.
|
| 264 |
|
1 |
|a New York :
|b Garland Pub.,
|c 1972.
|
| 300 |
|
|
|a 10, 344 pages ;
|c 22 cm.
|
| 336 |
|
|
|a text
|b txt
|2 rdacontent
|
| 337 |
|
|
|a unmediated
|b n
|2 rdamedia
|
| 338 |
|
|
|a volume
|b nc
|2 rdacarrier
|
| 490 |
1 |
|
|a Foundations of the novel
|
| 500 |
|
|
|a Facsim. reprint of the 1720 edition.
|
| 830 |
|
0 |
|a Foundations of the novel.
|
| 999 |
|
|
|a MARS
|
| 999 |
f |
f |
|s ab9d6628-5ea7-35a6-a90b-f77629178092
|i a9ff2cd9-236f-3cd4-9aad-7020c3cacdf2
|t 0
|
| 952 |
f |
f |
|p ric
|a Texas A&M University
|b Rellis Campus
|c Joint Library Facility
|d Remote Storage
|t 0
|e PZ3.D362 Lh2
|h Library of Congress classification
|i unmediated -- volume
|m A14804218628
|
| 952 |
f |
f |
|p normal
|a Texas A&M University
|b College Station
|c Sterling C. Evans Library
|d Evans: Library Stacks
|t 0
|e PR3404 L54 1972
|h Library of Congress classification
|i unmediated -- volume
|m A14804218636
|
| 998 |
f |
f |
|a PR3404 L54 1972
|t 0
|l Evans: Library Stacks
|
| 998 |
f |
f |
|a PZ3.D362 Lh2
|t 0
|l Remote Storage
|